Introduction a L'historia du Buddhisme indien (Registro nro. 87169)

Detalles MARC
000 -ENCABEZADO
Número de control [NR] 00621nam a22002057a 4500
008 - DE LONGITUD FIJA DE DATOS DE ELEMENTOS - INFORMACIÓN GENERAL
Elementos de longitud fija [NR] 130821s1876 fr gr fre
040 ## - FUENTE DE CATALOGACION [NR]
Agencia de catalogación original [NR] Co-BoUCM
Idioma de catalogación [NR] spa
041 00 - CODIGO DE IDIOMA [R]
Código de idioma para texto/pista de sonido o título separado [R] Francés
100 ## - ASIENTO PRINCIPAL--NOMBRE PERSONAL [NR]
Nombre personal [NR] Burnouf, E
ID Autoridad 150329
245 00 - MENCION DE TITULO [NR]
Título [NR] Introduction a L'historia du Buddhisme indien
Mención de responsabilidad, etc. [NR] E. Burnouf
250 ## - MENCION DE EDICION [NR]
Mención de edición [NR] 2a. ed.
260 ## - PUBLICACION, DISTRIBUCION, ETC. (PIE DE IMPRENTA) [R]
Lugar de publicación, distribución, etc. [R] París (Francia)
Nombre del editor, distribuidor, etc. [R] Maisonnauve
Fecha de publicación, distribución, etc. [R] 1876
300 ## - DESCRIPCION FISICA [R]
Extensión [R] 587 páginas
650 04 - ASIENTO SECUNDARIO DE MATERIA - TERMINO TEMATICO [R]
Término temático o nombre geográfico como elemento de entrada [NR] Budismo
9 (RLIN) 10234
650 04 - ASIENTO SECUNDARIO DE MATERIA - TERMINO TEMATICO [R]
Término temático o nombre geográfico como elemento de entrada [NR] Budismo
Subdivisión general [R] Historia
Subdivisión geográfica [R] India
9 (RLIN) 10234
650 04 - ASIENTO SECUNDARIO DE MATERIA - TERMINO TEMATICO [R]
Término temático o nombre geográfico como elemento de entrada [NR] Historia
9 (RLIN) 7695
651 ## - ASIENTO SECUNDARIO DE MATERIA - NOMBRE GEOGRAFICO [R]
Nombre geográfico [NR] India
9 (RLIN) 26639
942 ## - ELEMENTOS DE ENTRADA AGREGADOS (KOHA)
Tipo de ítem principal el descrito en 300a Libro
Tema principal Religión
Edición 2
Parte restante de la signatura top. B87
Título oculto en OPAC No
Sistema de clasificación DEWEY
Clasificación 294.4
Existencias
Signatura topográfica Código de barras Última vez visto Volúmen / Fascículo Ejemplar Price effective from Tipo de ítem Perdido Sistema de clasificación Dañado No prestable Tipo de ítem específico Suprimido Ubicación habitual Ubicación actual Localización Fecha de creación Forma de adquisición Costo
FCS 294.4 B87 120000347 06/07/2012 2A. ED. Ej.1 03/02/2013 Libro   DEWEY     Fondos especiales     Archivo Histórico Archivo histórico 28/02/2003 Donación 1000.00